Իմ գեներալ : (Record no. 111943)
[ view plain ]
| 000 -LEADER | |
|---|---|
| fixed length control field | 00923nam a2200217 u 4500 |
| 001 - CONTROL NUMBER | |
| control field | 000303785 |
| 003 - CONTROL NUMBER IDENTIFIER | |
| control field | AM-YeHGA |
| 005 - DATE AND TIME OF LATEST TRANSACTION | |
| control field | 20250618071943.0 |
| 008 - FIXED-LENGTH DATA ELEMENTS--GENERAL INFORMATION | |
| fixed length control field | 040127s1985 ai r 000 0 arm d |
| 040 ## - CATALOGING SOURCE | |
| Original cataloging agency | AM-YeHGA |
| 041 1# - LANGUAGE CODE | |
| Language code of text/sound track or separate title | arm |
| Language code of original | rus |
| 090 ## - LOCALLY ASSIGNED LC-TYPE CALL NUMBER (OCLC); LOCAL CALL NUMBER (RLIN) | |
| -- | 113281 |
| 100 1# - MAIN ENTRY--PERSONAL NAME | |
| Personal name | Լիխանով, Ալբերտ Անատոլևիչ |
| 245 10 - TITLE STATEMENT | |
| Title | Իմ գեներալ : |
| Remainder of title | [Վեպ] / |
| Statement of responsibility, etc. | Ա.Ա. Լիխանով; Ռուս. թարգմ.՝ Գ. Ամբարյան; Խմբ.՝ Վ.Գ. Դանիելյան; Նկ.՝ Ս.Գ. Սաֆյան. |
| 260 ## - PUBLICATION, DISTRIBUTION, ETC. | |
| Place of publication, distribution, etc. | Երևան : |
| Name of publisher, distributor, etc. | Սովետական գրող, |
| Date of publication, distribution, etc. | 1985. |
| 300 ## - PHYSICAL DESCRIPTION | |
| Extent | 280 էջ ; |
| Dimensions | 21 սմ. |
| 505 0# - FORMATTED CONTENTS NOTE | |
| Formatted contents note | Զառիթափ սարեր; Իմ գեներալ |
| 650 14 - SUBJECT ADDED ENTRY--TOPICAL TERM | |
| Topical term or geographic name entry element | Ռուս գրականություն |
| General subdivision | Վեպ |
| 9 (RLIN) | 4829 |
| 700 1# - ADDED ENTRY--PERSONAL NAME | |
| Personal name | Դանիելյան, Վլադիմիր Գալուստի, |
| Dates associated with a name | 1927- |
| Relator term | խմբ. |
| Relationship | edt |
| 9 (RLIN) | 2553 |
| 700 1# - ADDED ENTRY--PERSONAL NAME | |
| Personal name | Սաֆյան, Սպարտակ Գևորգի, |
| Dates associated with a name | 1929-2001 |
| Relator term | նկ. |
| Relationship | art |
| 9 (RLIN) | 4028 |
| Withdrawn status | Lost status | Damaged status | Not for loan | Collection | Home library | Current library | Date acquired | Total checkouts | Full call number | Barcode | Date last seen | Price effective from | Koha item type | Public note |
|---|---|---|---|---|---|---|---|---|---|---|---|---|---|---|
| General | Fundamental Scientific Library | Fundamental Scientific Library | 22/12/2016 | 882 | 220072082 | 22/12/2016 | 22/12/2016 | Գրքեր / Books | 30 Days Loan | |||||
| General | Fundamental Scientific Library | Fundamental Scientific Library | 22/12/2016 | 882 | 220072188 | 22/12/2016 | 22/12/2016 | Գրքեր / Books | 30 Days Loan | |||||
| General | Fundamental Scientific Library | Fundamental Scientific Library | 22/12/2016 | 882 | 220072898 | 22/12/2016 | 22/12/2016 | Գրքեր / Books | 30 Days Loan |
ՀՀ Գիտությունների ազգային ակադեմիայի հիմնարար գիտական գրադարան = Fundamental Scientific Library of NAS RA
All site content, except where otherwise noted, is licensed under a